000 00335pab a2200145 454500
008 180718b1988 xxu||||| |||| 00| 0 eng d
100 _aDaruwala, Maja
245 _aLanka's Last chance at democracy
260 _c1988
300 _a31-2
362 _a30 Nov.
650 _aDemocracy - Sri Lanka
773 _aCommerce
909 _a7239
999 _c7239
_d7239